000
00310 a2200157 4500
001
160727
020
_a
040
_c
Magnum
100
_a
-
240
1
0
_a
As flores da pequena ida
_l
por
245
1
0
_a
As flores da pequena ida
362
0
_a
1899
440
1
_a
Globo
697
_a
IJ/CONTOS
942
_c
BK
999
_c
160727
_d
160727